000 01638nam a2200253Ia 4500
008 260220t1991||||xx |||||||||||||| ||spa||
020 _a8437610346
040 _aPY-SlUNAC
_bspa
_erda
041 _aspa
082 _a862
_bSan194ñ
100 _aSanchis Sinisterra, José
_eAutor
245 0 _aÑaque o de piojos y actores. ¡Ay, Carmela! /
_cpor José Sanchis Sinisterra [Autor]
264 _aMadrid :
_bCátedra,
_c℗1991.
300 _a1 volumen
520 _a"Ñaque o de piojos y actores" de José Sanchis Sinisterra es una obra teatral que explora las complejas relaciones entre los actores y su entorno, así como la lucha por la supervivencia en el mundo del espectáculo. La trama se centra en dos personajes, un actor y un ayudante, que enfrentan las adversidades de la vida en la representación teatral, simbolizando la precariedad y la pasión por el arte. A través de un enfoque metateatral, Sinisterra reflexiona sobre la identidad, el sacrificio y el poder del teatro como medio de resistencia cultural. La obra, cargada de un humor irónico y una crítica social aguda, pone de manifiesto tanto la grandeza como la miseria de ser parte del mundo escénico. Con un estilo que combina el realismo y el absurdo, "Ñaque" se convierte en una celebración de la creatividad y la tenacidad humanas, invitando al público a cuestionar su relación con el arte y la vida misma.
653 _aCultura
653 _aLiteratura
653 _aTeatro
942 _b2026/02/17
_cBK
999 _c9197
_d9197